Представление документа в формате RUSMARC

ПолеНазваниеЗначение
  Тип записи a
  Библиографический уровень a
001 Контрольный номер RU/CBS_UL/BASE/7e0ec22196e648149e74860418846187
005 Дата корректировки 20231108234217.6
100 Данные общей обработки __
a Данные общей обработки 20231108 ||| 0rusy0189 ca
101 Язык документа 0_
a Язык текста rus
102 Страна публикации __
a Страна публикации RU
200 Заглавие и сведения об ответственности 1_
a Заглавие В саду "чёрный рак": что дальше и возможно ли существование сада?
e Сведения, относящиеся к заглавию [о том, какие есть способы борьбы с опасным грибковым заболеванием яблонь - чёрным раком]
f Первые сведения об ответственности В.С. Федорченко
300 Общие примечания __
a Общие примечания 12+
461 Уровень набора _0
1 2000
a Наука и жизнь
463 Уровень физической единицы _0
1 2000
a № 11
v С. 110-112 : фот.
1 2101
d 2022
1 001RU/CBS_UL/BASE/b46a530625cd49aaa0d7c2fb78e614cc
606 Тематические рубрики 0_
a Основная рубрика Болезни растений и борьба с ними
610 Ключевые слова 0_
a Ключевые слова болезни растений
610 Ключевые слова 0_
a Ключевые слова болезни деревьев
610 Ключевые слова 0_
a Ключевые слова грибковые заболевания
610 Ключевые слова 0_
a Ключевые слова лечение деревьев
610 Ключевые слова 0_
a Ключевые слова яблони
610 Ключевые слова 0_
a Ключевые слова болезни яблонь
686 Индексы других классификаций __
2 Код системы rubbk
a Классификационный индекс 44.7
700 Автор _1
a Фамилия Федорченко
b Имя (инициалы) В.С.
801 Источник записи _0
a Страна RU
b Организация МБУК ЦБС г. Ульяновска
c Дата составления 20231108
g Правила каталогизации RCR
801 Источник записи _1
a Страна RU
b Организация МБУК ЦБС г. Ульяновска
c Дата составления 20231108
g Правила каталогизации RCR
901 Тип документа __
t Тип документа b
w Контрольный № источника RU/CBS_UL/BASE/b46a530625cd49aaa0d7c2fb78e614cc